| 000 | 00000nam##2200000za#4500 |
| 001 | 9.673663 |
| 003 | CaOODSP |
| 005 | 20210615131747 |
| 007 | ta |
| 008 | 150407|2013||||xxc||||| f|0| 0 eng|d |
| 020 | |a978-0-660-67458-2 |
| 040 | |aCaOODSP|beng |
| 041 | |aeng |
| 041 | |afre |
| 043 | |an-cn--- |
| 086 | 1 |aYX1-1/2012 |
| 110 | 1 |aCanada.|bStatutes. |bDepartment of Justice. |
| 245 | 12|aA consolidation of the Constitution Acts 1867 to 1982 / |cIssued by the Department of Justice. |
| 260 | |aOttawa - Ontario : |bStatutes. |cc2012. |
| 300 | |aEnglish text, xv, 85p. ; |c25 cm. |
| 500 | |a"Consolidated as of January 1, 2013". |
| 520 | 3 |aContains the texts of: - the Constitution Act, 1867 (formerly the British North America Act, 1867), together with amendments made to it since its enactment - the Constitution Act, 1982, which contains the Canadian Charter of Rights and Freedoms and other new provisions, including the procedure for amending the Constitution of Canada. |
| 563 | |aSoftcover |
| 590 | |a13-14|b2013-04-05 |
| 690 | 07|aConstitutional law|2gcpds |
| 690 | 07|aLegislation|2gcpds |
| 776 | 0#|tA consolidation of the Constitution Acts, 1867 to 1982 |w(CaOODSP)9.697617 |
| 776 | 0#|tCodification administrative des Lois constitutionnelles de 1867 à 1982 |w(CaOODSP)9.641650 |
| 792 | |tCodification administrative des Lois constitutionnelles de 1867 à 1982 / |efre|w(CaOODSP)9.673664 |